000 00479nam a2200181Ia 4500
001 17486
005 20260306171521.0
008 260306s9999||||xx |||||||||||||| ||und||
041 _aESP
082 _a658
_bP46
100 _aPérez López, Juan Antonio
_eAUT
245 0 _aIntroducción a la dirección de empresas:
_bla empresa: organización humana
260 _c2009
300 _a156 páginas :
_c20 cm.
650 _aGEN
654 _aCAN
942 _cLIB
_dJUS
_fJUS
_2ddc
_n
999 _c17486
_d17486